Plastics packaging producers.
| Format: | Book |
|---|---|
| Published: |
Bristol:
Applied Market Information,
2014.
|
| Edition: | 5th ed.. |
| Subjects: |
| LEADER | 00481cam a2200157 7i4500 | ||
|---|---|---|---|
| 001 | 0000032014 | ||
| 005 | 20150413090000.0 | ||
| 020 | 0 | 0 | |a 9781907559341 |
| 090 | 0 | 0 | |a I 688.8025 |b PLA |
| 245 | 0 | 0 | |a Plastics packaging producers. |
| 250 | 0 | 0 | |a 5th ed.. |
| 260 | 0 | 0 | |a Bristol: |b Applied Market Information, |c 2014. |
| 300 | # | # | |a 172 p. |
| 650 | 0 | 0 | |a Plastics -- |x Packaging -- |x Directories |
| 650 | 0 | 0 | |a Plastics in packaging -- |x Directories |
| 999 | |a B000035768 |b Book |c Book |e Business Information Centre | ||


